[Event "Southcoast Autumn D"]
[Site "Greve"]
[Date "1999.10.24"]
[Round "4"]
[White "Skovart, Niels"]
[Black "Petersen, Torben William"]
[Result "1/2-1/2"]
[WhiteElo "1573"]
[BlackElo "1549"]
[PlyCount "104"]
[EventDate "1999.10.22"]
[EventType "tourn"]
[EventRounds "5"]
[EventCountry "DEN"]
[SourceTitle "EXT 2023"]
[Source "ChessBase"]
[SourceDate "2022.10.05"]
[SourceVersion "1"]
[SourceVersionDate "2022.10.05"]
[SourceQuality "1"]

1. d4 e5 2. dxe5 Nc6 3. Nf3 Qe7 4. Nc3 Nxe5 5. Nxe5 Qxe5 6. Nd5 c6 7. Nf4 d5 8. Nd3 Qc7 9. Bf4 Bd6 10. Qd2 Nf6 11. Rc1 0-0 12. c4 Re8 13. cxd5 Nxd5 14. Bxd6 Qxd6 15. g3 Bf5 16. Nf4 Be4 17. Bg2 Bxg2 18. Nxg2 Rad8 19. 0-0 Nb4 20. Qxd6 Rxd6 21. Rc4 a5 22. a3 b5 23. Rg4 Na6 24. Ne3 Rd2 25. b4 axb4 26. axb4 Rb2 27. Ra1 Nxb4 28. Ra7 Nd5 29. Nf5 g6 30. Nh6+ Kg7 31. Nxf7 Re7 32. Rxe7 Nxe7 33. Rf4 Rxe2 34. Ng5 Nf5 35. g4 Nd6 36. Rd4 Nc8 37. Rd7+ Re7 38. Rd8 Nb6 39. Rd6 Nc4 40. Rxc6 Rb7 41. Ne6+ Kh6 42. Kg2 Rb6 43. Rxb6 Nxb6 44. g5+ Kh5 45. Kg3 h6 46. h4 hxg5 47. hxg5 Nd5 48. f4 Nxf4 49. Kxf4 b4 50. Nd4 Kh4 51. Nb3 Kh5 52. Nd4 Kh4 1/2-1/2